[Event "World Blitz Women 2017"]
[Site "Riyadh KSA"]
[Date "2017.12.29"]
[Round "4.34"]
[White "Buksa, Nataliya"]
[Black "Karavade, Eesha"]
[Result "1/2-1/2"]
[WhiteTitle "WGM"]
[BlackTitle "IM"]
[WhiteElo "2385"]
[BlackElo "2384"]
[WhiteFideId "14123622"]
[BlackFideId "5012600"]
[EventDate "2017.12.29"]

1. d4 e6 2. Nc3 c5 3. e3 Nf6 4. Nf3 d5 5. b3 Nc6 6. Bb2 Be7 7. dxc5 Bxc5 8. Bb5
O-O 9. O-O Bd7 10. Ne2 a6 11. Bd3 Qe7 12. Ng3 Ba3 13. Bxa3 Qxa3 14. e4 dxe4 15.
Nxe4 Nxe4 16. Bxe4 Rad8 17. Qe2 Qc5 18. c4 Bc8 19. Rad1 h6 20. Bb1 Rxd1 21. Rxd1
Rd8 22. Rxd8+ Nxd8 23. Qd3 Qc7 24. Qh7+ Kf8 25. Qh8+ Ke7 26. Qxg7 Qf4 27. Qc3
Nc6 28. h3 Qd6 29. Qd2 Qxd2 30. Nxd2 Nd4 31. Kf1 f5 32. f4 Kf6 33. Kf2 e5 34.
fxe5+ Kxe5 35. Nf1 f4 36. Nd2 Bd7 37. Be4 b6 38. Bb7 a5 39. Ne4 Bf5 40. Nc3 Bd7
41. Bd5 Nc2 42. Bb7 Nd4 43. Nd5 b5 44. Nc3 bxc4 45. bxc4 Kd6 46. Ne4+ Ke5 47.
Nc5 Bf5 48. Bd5 Bc2 49. Nb7 a4 50. a3 Nf5 51. Nc5 Nd6 52. Nd7+ Kd4 53. Nf8 Bb3
54. Ne6+ Kc3 55. Nxf4 Bxc4 56. Bxc4 Nxc4 57. g4 Nxa3 58. Ne2+ Kc4 1/2-1/2

[Event "World Blitz Women 2017"]
[Site "Riyadh KSA"]
[Date "2017.12.29"]
[Round "4.35"]
[White "Arakhamia-Grant, Ketevan"]
[Black "Mamedjarova, Turkan"]
[Result "0-1"]
[WhiteTitle "GM"]
[BlackTitle "WGM"]
[WhiteElo "2350"]
[BlackElo "2260"]
[WhiteFideId "13600168"]
[BlackFideId "13402005"]
[EventDate "2017.12.29"]

1. e4 e5 2. Nf3 Nc6 3. Bc4 Bc5 4. d3 d6 5. a4 Nf6 6. c3 a5 7. h3 O-O 8. O-O h6
9. Re1 Bb6 10. Bb3 Re8 11. Na3 Be6 12. Nc4 Ba7 13. Ne3 d5 14. Qc2 dxe4 15. dxe4
Bxb3 16. Qxb3 Nxe4 17. Qxb7 Qf6 18. Ng4 Qd6 19. Qb3 Nc5 20. Qc4 Nd3 21. Rd1 e4
22. Nfh2 h5 23. Ne3 Nce5 24. Qb3 Qg6 25. Qc2 Nf4 26. Kh1 Rad8 27. Bd2 Bxe3 28.
g3 Bxd2 29. Rxd2 Nxh3 30. Rxd8 Rxd8 31. Rf1 f5 32. Qb3+ Kh7 33. Qb5 Nf3 34. Nxf3
exf3 35. Qxa5 Re8 36. Qb4 f4 37. Kh2 Nxf2 38. Qxf4 Ng4+ 39. Kh1 f2 0-1

[Event "World Blitz Women 2017"]
[Site "Riyadh KSA"]
[Date "2017.12.29"]
[Round "4.36"]
[White "Nechaeva, Marina"]
[Black "Munguntuul, Batkhuyag"]
[Result "1-0"]
[WhiteTitle "IM"]
[BlackTitle "IM"]
[WhiteElo "2424"]
[BlackElo "2397"]
[WhiteFideId "4149351"]
[BlackFideId "4900758"]
[EventDate "2017.12.29"]

1. d4 d5 2. c4 c6 3. Nc3 Nf6 4. e3 a6 5. Qc2 b5 6. b3 e6 7. Nf3 Be7 8. Bd3 Bb7
9. O-O Nbd7 10. Bb2 O-O 11. Rfd1 Rc8 12. Qe2 Bd6 13. h3 Re8 14. Rac1 h6 15. a4
b4 16. Nb1 a5 17. Nbd2 c5 18. cxd5 Nxd5 19. Bb5 cxd4 20. Nxd4 Nc3 21. Bxc3 bxc3
22. Nc4 Ne5 23. Bxe8 Nxc4 24. bxc4 Qxe8 25. Nb5 Bb4 26. Nxc3 Qc6 27. f3 Qxc4 28.
Qxc4 Rxc4 29. Ne4 Rxc1 30. Rxc1 Bxe4 31. fxe4 Bd2 32. Rc8+ Kh7 33. Kf2 Kg6 34.
Ke2 Bb4 35. Rc7 Kf6 36. Kd3 h5 37. Rb7 g5 38. Rxb4 axb4 39. a5 1-0

[Event "World Blitz Women 2017"]
[Site "Riyadh KSA"]
[Date "2017.12.29"]
[Round "4.37"]
[White "Gara, Anita"]
[Black "Belenkaya, Dina"]
[Result "1-0"]
[WhiteTitle "IM"]
[BlackTitle "WGM"]
[WhiteElo "2367"]
[BlackElo "2303"]
[WhiteFideId "709751"]
[BlackFideId "24142654"]
[EventDate "2017.12.29"]

1. e4 c6 2. c4 d5 3. cxd5 cxd5 4. exd5 Nf6 5. Nc3 g6 6. Qb3 Bg7 7. Nf3 O-O 8.
Bc4 Na6 9. O-O b6 10. d4 Bb7 11. Ne5 Rc8 12. d6 e6 13. Nb5 Bd5 14. Bf4 Bxc4 15.
Nxc4 Nd5 16. Bg3 Qd7 17. a3 Nb8 18. Rac1 Qb7 19. Nc7 Bxd4 20. Rfd1 Bg7 21. Nxd5
exd5 22. Ne3 Rxc1 23. Rxc1 Bh6 24. Rc7 Qa6 25. Nxd5 b5 26. Ne7+ Kh8 27. Qc3+ Bg7
28. Be5 f6 29. Bg3 Rd8 30. h4 Qb6 31. Rc8 Nd7 32. Nd5 Qa5 33. Qxa5 Rxc8 34. Nc7
f5 35. Qxb5 Bf6 36. Qxd7 Rg8 37. Nd5 Bg7 38. Ne7 1-0

[Event "World Blitz Women 2017"]
[Site "Riyadh KSA"]
[Date "2017.12.29"]
[Round "4.38"]
[White "Ordaz Valdes, Lisandra Teresa"]
[Black "Vo, Thi Kim Phung"]
[Result "1-0"]
[WhiteTitle "WGM"]
[BlackTitle "WGM"]
[WhiteElo "2414"]
[BlackElo "2380"]
[WhiteFideId "3506940"]
[BlackFideId "12401838"]
[EventDate "2017.12.29"]

1. d4 Nf6 2. c4 e6 3. Nf3 Bb4+ 4. Bd2 Qe7 5. g3 O-O 6. Bg2 Bxd2+ 7. Qxd2 d6 8.
Nc3 c6 9. O-O e5 10. c5 exd4 11. cxd6 Qxd6 12. Qxd4 Qxd4 13. Nxd4 Na6 14. Rfd1
Bg4 15. h3 Bc8 16. Rac1 Nc7 17. b4 a6 18. a4 Ne6 19. b5 axb5 20. axb5 c5 21.
Nxe6 Bxe6 22. Bxb7 Rab8 23. Bg2 Rfc8 24. g4 h6 25. Bc6 Bc4 26. Rd2 Ne8 27. Rb1
Nc7 28. Rdb2 Ne6 29. e3 Rc7 30. Nd5 Bxd5 31. Bxd5 c4 32. b6 Rc5 33. e4 c3 34.
Ra2 c2 35. Rc1 Rxb6 36. Raxc2 Rxc2 37. Rxc2 Nd4 38. Ra2 Rb8 39. Ra7 Rf8 40. Kg2
Ne2 41. Kf3 Ng1+ 42. Kg2 Ne2 43. Rb7 Nf4+ 44. Kg3 Ne2+ 45. Kf3 Ng1+ 46. Kg2 Ne2
47. Bc4 Nf4+ 48. Kg3 Ng6 49. f4 Nh8 50. e5 Rc8 51. Rb4 Kh7 52. f5 Ra8 53. Kf4
Ra3 54. h4 Rh3 55. h5 Rh2 56. Bd5 Rf2+ 57. Bf3 Rf1 58. e6 fxe6 59. fxe6 Re1 60.
Be4+ Kg8 61. Rb8# 1-0

[Event "World Blitz Women 2017"]
[Site "Riyadh KSA"]
[Date "2017.12.29"]
[Round "4.39"]
[White "Girya, Olga"]
[Black "Kovanova, Baira"]
[Result "1-0"]
[WhiteTitle "WGM"]
[BlackTitle "WGM"]
[WhiteElo "2484"]
[BlackElo "2367"]
[WhiteFideId "4195752"]
[BlackFideId "4164083"]
[EventDate "2017.12.29"]

1. d4 Nf6 2. Nf3 e6 3. c4 Bb4+ 4. Nbd2 b6 5. a3 Bxd2+ 6. Qxd2 Bb7 7. e3 a5 8.
Bd3 O-O 9. Qc2 d6 10. O-O Nbd7 11. b3 Qe7 12. Bb2 e5 13. Be2 Rfe8 14. Rfd1 e4
15. Nd2 Nf8 16. b4 Ng6 17. d5 Bc8 18. Bxf6 gxf6 19. c5 axb4 20. Bb5 Bd7 21. Bxd7
Qxd7 22. axb4 Rxa1 23. Rxa1 Qf5 24. cxb6 cxb6 25. Qc6 Qe5 26. Rc1 Rf8 27. Nc4
Qg5 28. Qxd6 Rc8 29. Qd7 Ra8 30. Nxb6 Rf8 31. Qh3 Qe5 32. Qg3 Qb2 33. Rf1 Qxb4
34. Nd7 Rd8 35. Nxf6+ Kg7 36. Nh5+ Kf8 37. Qg5 Qd6 38. Qh6+ Ke7 39. Qg5+ Kf8 40.
Rd1 Rc8 41. g3 Ne5 42. Kg2 Nf3 43. Qg7+ Ke7 44. Qxh7 Rc2 45. Qxe4+ 1-0

[Event "World Blitz Women 2017"]
[Site "Riyadh KSA"]
[Date "2017.12.29"]
[Round "4.40"]
[White "Fataliyeva, Ulviyya"]
[Black "Gvetadze, Sofio"]
[Result "0-1"]
[WhiteTitle "WGM"]
[BlackTitle "IM"]
[WhiteElo "2384"]
[BlackElo "2289"]
[WhiteFideId "13403052"]
[BlackFideId "13601440"]
[EventDate "2017.12.29"]

1. e4 c6 2. c4 g6 3. Nc3 Bg7 4. d4 d6 5. Be3 Nd7 6. h3 Qc7 7. f4 c5 8. Nf3 cxd4
9. Nxd4 Ngf6 10. Be2 a6 11. O-O O-O 12. Rc1 Nc5 13. Bf3 e5 14. Nde2 exf4 15.
Nxf4 Re8 16. Qc2 Bd7 17. b4 Ne6 18. Nfd5 Nxd5 19. exd5 Nd4 20. Qd3 Nxf3+ 21.
Rxf3 Bf5 22. Rxf5 gxf5 23. Ne2 Qe7 24. Kf2 Qh4+ 25. Kf1 Rxe3 26. Qxe3 Bh6 27.
Qc3 Bxc1 28. Qxc1 Re8 29. a3 h6 30. c5 Qe4 31. Qd2 Rd8 32. Qxh6 Qe7 33. Nd4 Re8
34. Qd2 dxc5 35. Nxf5 Qf6 36. Qf4 Qa1+ 37. Kf2 Qe1+ 38. Kf3 Qf1+ 39. Kg3 Qxf4+
40. Kxf4 c4 41. d6 c3 42. Nd4 Kg7 43. Kf5 Kf8 44. g4 Re1 45. Kf6 Ke8 46. g5 Rd1
47. d7+ Kxd7 48. Nb3 Rf1+ 49. Kg7 c2 50. h4 Rh1 51. Kxf7 Rxh4 52. g6 Rf4+ 53.
Kg7 Rf3 54. Nc1 Rf1 55. Nd3 c1=Q 56. Nxc1 Rxc1 57. Kf6 Rf1+ 58. Ke5 Ke7 59. Kd5
Ra1 60. Kc5 Rxa3 61. Kb6 Rb3 0-1

[Event "World Blitz Women 2017"]
[Site "Riyadh KSA"]
[Date "2017.12.29"]
[Round "4.42"]
[White "Tokhirjonova, Gulrukhbegim"]
[Black "Khukhashvili, Sopiko"]
[Result "1-0"]
[WhiteTitle "WGM"]
[BlackTitle "IM"]
[WhiteElo "2329"]
[BlackElo "2312"]
[WhiteFideId "14203626"]
[BlackFideId "13602055"]
[EventDate "2017.12.29"]

1. e4 c5 2. Nf3 Nc6 3. d4 cxd4 4. Nxd4 g6 5. c4 Bg7 6. Be3 Nf6 7. Nc3 d6 8. Be2
O-O 9. O-O a6 10. f3 Nd7 11. Qd2 Nxd4 12. Bxd4 Bxd4+ 13. Qxd4 Qb6 14. Qxb6 Nxb6
15. a4 Be6 16. b3 Rac8 17. Nd5 Bxd5 18. exd5 Nd7 19. Rfe1 f6 20. f4 Kf7 21. Kf2
Nc5 22. b4 Ne4+ 23. Ke3 f5 24. Bd3 Nf6 25. Kd4 Rc7 26. Rac1 Rd8 27. a5 Nh5 28.
g3 Nf6 29. Rb1 Rdc8 30. Rec1 Rd8 31. Be2 h6 32. Bf3 g5 33. c5 e6 34. cxd6 Rcd7
35. Rc7 Kg6 36. Rxd7 Rxd7 37. Kc5 exd5 38. Bxd5 Ne8 39. Re1 Nf6 40. Re7 Rd8 41.
Bxb7 gxf4 42. gxf4 Ng4 43. d7 Nf6 44. Bc6 Kh5 45. Kd6 Kg4 46. Kc7 Rxd7+ 47. Bxd7
Kxf4 48. Rf7 Kg5 49. Rg7+ Kf4 50. Kd6 Ne4+ 51. Kd5 h5 52. Kd4 Nf6 53. Bc8 h4 54.
Bxa6 Ng4 55. h3 Nf2 56. Bf1 Kf3 57. a6 f4 58. a7 Nd1 59. a8=Q+ Kf2 60. Qg2+ 1-0

[Event "World Blitz Women 2017"]
[Site "Riyadh KSA"]
[Date "2017.12.29"]
[Round "4.43"]
[White "Ambartsumova, Karina"]
[Black "Nakhbayeva, Guliskhan"]
[Result "1-0"]
[WhiteTitle "WGM"]
[BlackTitle "WGM"]
[WhiteElo "2359"]
[BlackElo "2314"]
[WhiteFideId "4166299"]
[BlackFideId "13704788"]
[EventDate "2017.12.29"]

1. d4 Nf6 2. Nf3 e6 3. Bf4 d5 4. e3 c5 5. c3 Nc6 6. Nbd2 Be7 7. Bd3 Nh5 8. Be5
Nxe5 9. Nxe5 Nf6 10. f4 O-O 11. O-O Qc7 12. Qf3 b6 13. Qh3 Bb7 14. Qf3 Rac8 15.
Rae1 h6 16. f5 exf5 17. Qxf5 Rcd8 18. Ng4 Ne4 19. Nxe4 dxe4 20. Bxe4 Bxe4 21.
Qxe4 Bg5 22. Qf3 f5 23. Ne5 a6 24. g3 Rde8 25. Kg2 Qd6 26. h4 Bf6 27. Ng6 Rf7
28. Qxf5 cxd4 29. exd4 Rd8 1-0

[Event "World Blitz Women 2017"]
[Site "Riyadh KSA"]
[Date "2017.12.29"]
[Round "4.44"]
[White "Assaubayeva, Bibisara"]
[Black "Papp, Petra"]
[Result "0-1"]
[WhiteTitle "FM"]
[BlackTitle "WGM"]
[WhiteElo "2381"]
[BlackElo "2313"]
[WhiteFideId "13708694"]
[BlackFideId "739049"]
[EventDate "2017.12.29"]

1. d4 Nf6 2. c4 g6 3. f3 d5 4. cxd5 Nxd5 5. e4 Nb6 6. Nc3 Bg7 7. Be3 O-O 8. Qd2
e5 9. d5 c6 10. h4 cxd5 11. exd5 N8d7 12. h5 Nf6 13. hxg6 fxg6 14. Nh3 Bxh3 15.
Rxh3 Rc8 16. Bh6 Nbxd5 17. Bxg7 Kxg7 18. Qh6+ Kf7 19. Rd1 Qa5 20. Rxd5 Nxd5 21.
Qxh7+ Ke6 22. Qxg6+ Nf6 23. Bd3 Rxc3 24. bxc3 Qxc3+ 25. Kf2 Qd2+ 26. Kg1 Qc1+
27. Kh2 Qf4+ 28. Kh1 Qc1+ 29. Kh2 Qf4+ 30. Kg1 Qe3+ 31. Kh1 Qc1+ 32. Kh2 Qf4+
33. Kh1 Rg8 34. Qh6 Rd8 35. Qxf4 exf4 36. Bc4+ Ke5 37. Rh6 a6 38. Kh2 b5 39. Bb3
a5 40. Rg6 a4 41. Rg5+ Kd4 42. Rxb5 axb3 43. axb3 Nd5 44. g3 Rh8+ 45. Kg2 Rg8
46. g4 Ne3+ 47. Kf2 Nd5 48. Rb7 Rh8 49. Kg2 Ne3+ 50. Kg1 Rc8 51. Rb4+ Kd3 52.
Rxf4 Ke2 53. Kh2 Kf2 0-1

[Event "World Blitz Women 2017"]
[Site "Riyadh KSA"]
[Date "2017.12.29"]
[Round "4.45"]
[White "Li, Ruofan"]
[Black "Cornette, Deimante"]
[Result "0-1"]
[WhiteTitle "IM"]
[BlackTitle "IM"]
[WhiteElo "2351"]
[BlackElo "2439"]
[WhiteFideId "8600643"]
[BlackFideId "12802859"]
[EventDate "2017.12.29"]

1. d4 d5 2. c4 e6 3. Nc3 Bb4 4. cxd5 exd5 5. Bf4 Nf6 6. e3 O-O 7. Bd3 c6 8. Ne2
Re8 9. O-O Nbd7 10. Qc2 Nf8 11. Bg3 Bd6 12. Rad1 Ng6 13. Rfe1 Bxg3 14. Nxg3 Bg4
15. f3 Bd7 16. e4 dxe4 17. fxe4 Bg4 18. Be2 Nf4 19. Bxg4 Nxg4 20. h3 Nf6 21. Qf2
Qc7 22. Nf5 Ng6 23. e5 Nd5 24. Ne4 Ndf4 25. Nfd6 Rf8 26. Kh2 Rad8 27. g3 Nd5 28.
Ng5 Qe7 29. Qf5 Qd7 30. Qf3 Qe7 31. h4 h6 32. Nge4 Qd7 33. Rd2 b6 34. h5 Nge7
35. Rf2 Nc8 36. Ref1 Nxd6 37. Nxd6 f6 38. Qe4 fxe5 39. dxe5 Rxf2+ 40. Rxf2 Rf8
41. Rxf8+ Kxf8 42. Qh7 Qe6 43. Qe4 Kg8 44. Qf4 Nxf4 45. gxf4 Qg4 46. f5 Qxh5+
47. Kg3 Qg5+ 48. Kf3 Qd2 49. Ne4 Qd5 50. Kf4 c5 51. f6 Kf7 52. fxg7 Kxg7 53. Nf6
Qd4+ 54. Kf5 Qxb2 55. Nh5+ Kf7 56. Nf4 Qc2+ 57. Kg4 Qxa2 58. e6+ Qxe6+ 59. Nxe6
Kxe6 0-1

[Event "World Blitz Women 2017"]
[Site "Riyadh KSA"]
[Date "2017.12.29"]
[Round "4.46"]
[White "Zozulia, Anna"]
[Black "Badelka, Olga"]
[Result "0-1"]
[WhiteTitle "IM"]
[BlackTitle "WIM"]
[WhiteElo "2316"]
[BlackElo "2388"]
[WhiteFideId "14102110"]
[BlackFideId "13509926"]
[EventDate "2017.12.29"]

1. e4 c5 2. Nf3 Nc6 3. Nc3 e5 4. Bc4 Be7 5. d3 d6 6. O-O Nf6 7. h3 O-O 8. a3 a6
9. Bg5 b5 10. Bxf6 Bxf6 11. Bd5 Bd7 12. Qd2 Rc8 13. Nd1 Ne7 14. Ba2 Ng6 15. Ne3
Nf4 16. Nd5 Nxd5 17. Bxd5 g6 18. c3 Qb6 19. Nh2 Bg7 20. f4 exf4 21. Qxf4 Be6 22.
Ng4 Bxd5 23. exd5 c4+ 24. d4 f5 25. Nh2 Rce8 26. Rae1 a5 27. Nf3 b4 28. axb4
axb4 29. Re6 Rd8 30. Rfe1 bxc3 31. bxc3 Qb2 32. Qe3 Qb5 33. Re7 Qxd5 34. Ng5 Bh6
35. Qe6+ Qxe6 36. Nxe6 Bd2 37. Rd1 Bxc3 38. Nxf8 Rxf8 39. Rc7 d5 40. Rc5 Rd8 41.
Kf1 Kf7 42. Rc7+ Kf6 43. Rxh7 Bb2 44. Ke2 c3 45. Kd3 Rc8 46. Re1 c2 47. Rhe7
c1=Q 48. Rxc1 Bxc1 49. Rd7 Bh6 50. Rxd5 Bg7 51. Ra5 Rd8 52. Ra6+ Kg5 53. Ra4 Kf4
54. Ke2 Rxd4 55. Ra6 Kg5 56. g3 Rb4 57. Kf3 Rb3+ 58. Kg2 Be5 59. h4+ 0-1

[Event "World Blitz Women 2017"]
[Site "Riyadh KSA"]
[Date "2017.12.29"]
[Round "5.1"]
[White "Voit, Daria"]
[Black "Bodnaruk, Anastasia"]
[Result "1/2-1/2"]
[WhiteTitle "FM"]
[BlackTitle "IM"]
[WhiteElo "2390"]
[BlackElo "2428"]
[WhiteFideId "4182146"]
[BlackFideId "4181751"]
[EventDate "2017.12.29"]

1. c4 e5 2. Nc3 Nc6 3. Nf3 f5 4. d4 e4 5. d5 Nce7 6. Nd4 d6 7. g3 Nf6 8. Bg2 g6
9. O-O Bg7 10. f3 exf3 11. exf3 O-O 12. Re1 c6 13. dxc6 bxc6 14. Ne6 Bxe6 15.
Rxe6 d5 16. cxd5 Nexd5 17. Na4 Rc8 18. Qc2 c5 19. Bd2 c4 20. Rd1 Qd7 21. Ree1
Rfe8 22. Bg5 Rxe1+ 23. Rxe1 h6 24. Bxf6 Nxf6 25. Nc3 Qd4+ 26. Qf2 Qd7 27. Rd1
Qe7 28. Re1 Qd7 29. Rd1 Qe7 30. Re1 Qd7 31. Rd1 Qe7 32. Re1 Qd7 33. Rd1 Qe7 1/2-1/2

[Event "World Blitz Women 2017"]
[Site "Riyadh KSA"]
[Date "2017.12.29"]
[Round "5.2"]
[White "Lei, Tingjie"]
[Black "Lagno, Kateryna"]
[Result "1/2-1/2"]
[WhiteTitle "GM"]
[BlackTitle "GM"]
[WhiteElo "2528"]
[BlackElo "2547"]
[WhiteFideId "8605114"]
[BlackFideId "14109336"]
[EventDate "2017.12.29"]

1. c4 c5 2. Nf3 Nc6 3. Nc3 Nf6 4. g3 d5 5. cxd5 Nxd5 6. Bg2 g6 7. O-O Bg7 8. Qb3
Nb6 9. d3 O-O 10. Ng5 Nd4 11. Qd1 h6 12. Nge4 c4 13. dxc4 Nxc4 14. b3 Nd6 15.
Nxd6 Qxd6 16. Bb2 Bg4 17. f3 Be6 18. e3 Nf5 19. Qxd6 Nxd6 20. Rac1 Rac8 21. Kf2
Nb5 22. Na4 Bxb2 23. Nxb2 Nc3 24. Nc4 Nxa2 25. Ra1 Nb4 26. Rxa7 b5 27. Ne5 Bxb3
28. Rb7 Rb8 29. Rxe7 Rfe8 30. Rxe8+ Rxe8 31. f4 Bc2 32. Bf3 Nd3+ 33. Nxd3 Bxd3
34. Rd1 Bc4 35. Be2 Kg7 36. Bxc4 bxc4 37. Rc1 Rc8 38. Rc3 f5 39. e4 fxe4 40. Ke3
Kf6 41. Kxe4 h5 42. h3 g5 43. fxg5+ Kxg5 44. Kd4 Kf5 45. Rxc4 Rxc4+ 46. Kxc4 Ke4
47. g4 hxg4 48. hxg4 1/2-1/2

[Event "World Blitz Women 2017"]
[Site "Riyadh KSA"]
[Date "2017.12.29"]
[Round "5.3"]
[White "Tan, Zhongyi"]
[Black "Dzagnidze, Nana"]
[Result "0-1"]
[WhiteTitle "GM"]
[BlackTitle "GM"]
[WhiteElo "2517"]
[BlackElo "2522"]
[WhiteFideId "8603642"]
[BlackFideId "13601903"]
[EventDate "2017.12.29"]

1. d4 Nf6 2. c4 e6 3. Nf3 d5 4. Nc3 Be7 5. Bg5 O-O 6. e3 h6 7. Bxf6 Bxf6 8. Qc2
b6 9. Be2 Bb7 10. cxd5 exd5 11. h4 c5 12. g4 cxd4 13. exd4 Nc6 14. O-O-O g6 15.
g5 hxg5 16. hxg5 Bg7 17. Rh4 Bc8 18. Rdh1 Bf5 19. Qd1 Rc8 20. R1h2 Re8 21. Bb5
Re4 22. Bxc6 Rxh4 23. Rxh4 Rxc6 24. Qd2 b5 25. Ne5 Rc8 26. b4 a5 27. a3 axb4 28.
axb4 Qd6 29. Nd3 Bxd3 30. Qxd3 Qxb4 31. Kc2 Qa3 32. Qh3 Re8 33. Nxd5 Qa2+ 34.
Kd1 Qxd5 35. Qc3 Rd8 36. Kc1 Qc4 37. Qxc4 bxc4 38. Kc2 Rxd4 39. Rh3 Rg4 0-1

[Event "World Blitz Women 2017"]
[Site "Riyadh KSA"]
[Date "2017.12.29"]
[Round "5.4"]
[White "Goryachkina, Aleksandra"]
[Black "Krush, Irina"]
[Result "1/2-1/2"]
[WhiteTitle "WGM"]
[BlackTitle "GM"]
[WhiteElo "2486"]
[BlackElo "2431"]
[WhiteFideId "4147103"]
[BlackFideId "2012782"]
[EventDate "2017.12.29"]

1. e4 c5 2. Nf3 e6 3. c3 Nf6 4. e5 Nd5 5. Bc4 Nb6 6. Bb3 d6 7. exd6 Bxd6 8. d4
O-O 9. O-O Nc6 10. Be3 cxd4 11. Nxd4 Nxd4 12. Bxd4 e5 13. Be3 Kh8 14. Nd2 f5 15.
Bxb6 axb6 16. Nc4 Bc7 17. Qxd8 Rxd8 18. Ne3 b5 19. Rfd1 Bd7 20. Nd5 Ba5 21. Rd2
Bc6 22. Rad1 g6 23. Ne7 Rxd2 24. Rxd2 Rd8 25. Rxd8+ Bxd8 26. Nxc6 bxc6 27. Be6
c5 28. Bd7 b4 29. Kf1 Kg7 30. Ke2 Kf6 31. cxb4 cxb4 32. a3 bxa3 33. bxa3 Ke7 34.
Bb5 Kd6 35. f3 h6 36. a4 g5 37. Bd3 f4 38. Be4 Kc5 39. Kd3 Kb4 40. Bc6 Kc5 41.
Be4 Kb4 42. Bc6 Kc5 43. Be8 Kd5 44. Bf7+ Kd6 45. Ke4 Bc7 46. Bc4 Kc5 47. Bb5 Bd6
48. Be8 Kb4 49. Kd3 Kc5 50. Bd7 1/2-1/2

[Event "World Blitz Women 2017"]
[Site "Riyadh KSA"]
[Date "2017.12.29"]
[Round "5.5"]
[White "Saduakassova, Dinara"]
[Black "Gunina, Valentina"]
[Result "0-1"]
[WhiteTitle "IM"]
[BlackTitle "GM"]
[WhiteElo "2460"]
[BlackElo "2510"]
[WhiteFideId "13700090"]
[BlackFideId "4167570"]
[EventDate "2017.12.29"]

1. d4 Nf6 2. c4 e6 3. Nc3 d5 4. cxd5 exd5 5. Bg5 Be7 6. e3 c6 7. Bd3 O-O 8. Qc2
Nbd7 9. Nf3 Re8 10. Ne5 Nf8 11. O-O N6d7 12. Bxe7 Qxe7 13. Nxd7 Bxd7 14. Rab1
Qg5 15. Ne2 Ng6 16. Bxg6 hxg6 17. Ng3 Bf5 18. Nxf5 gxf5 19. b4 a6 20. Qd2 g6 21.
g3 Kg7 22. Kg2 Rh8 23. h3 Rae8 24. Qe2 f4 25. exf4 Qh6 26. Qg4 f5 27. Qh4 Qxh4
28. gxh4 Re4 29. a4 Rxd4 30. b5 Rxa4 31. bxc6 bxc6 32. Rb7+ Kh6 33. Rc7 Rxf4 34.
Kg3 Rc4 35. Re1 Rh7 36. Rc8 Rb7 37. Ree8 Rb3+ 38. f3 Rcc3 39. Kf4 Rxf3+ 40. Ke5
Rfe3+ 41. Kf6 Rxe8 42. Rxe8 Rb7 43. Rg8 Rh7 44. Rxg6+ Kh5 45. Rg8 Kxh4 46. Kxf5
Rf7+ 47. Ke6 Rf3 48. Ra8 Kxh3 49. Kd6 Rc3 50. Rxa6 Kg4 51. Ke5 Rc4 52. Ra1 Kf3 0-1

[Event "World Blitz Women 2017"]
[Site "Riyadh KSA"]
[Date "2017.12.29"]
[Round "5.7"]
[White "Javakhishvili, Lela"]
[Black "Paehtz, Elisabeth"]
[Result "0-1"]
[WhiteTitle "IM"]
[BlackTitle "IM"]
[WhiteElo "2449"]
[BlackElo "2464"]
[WhiteFideId "13601458"]
[BlackFideId "4641833"]
[EventDate "2017.12.29"]

1. d4 d6 2. Nf3 g6 3. c4 Bg7 4. e4 e5 5. Be3 Bg4 6. d5 a5 7. Be2 Na6 8. Nc3 h5
9. Nd2 Bh6 10. Nf1 Bd7 11. b3 Kf8 12. a3 Kg7 13. Rb1 f5 14. exf5 gxf5 15. Bxh6+
Rxh6 16. Bxh5 Qg5 17. Bf3 e4 18. h4 Qf6 19. Qd2 exf3 20. gxf3 Re8+ 21. Kd1 Ne7
22. h5 Kh7 23. Ng3 Rg8 24. Kc2 Nc5 25. Rbe1 a4 26. b4 Nb3 27. Qf4 Rg7 28. Rd1
Qe5 29. Qxe5 dxe5 30. Rhe1 Nd4+ 31. Kb2 Nxf3 32. Re3 e4 33. Nce2 Ng8 34. c5 Nf6
35. c6 bxc6 36. dxc6 Be6 37. Nf4 Ng4 38. Rc3 Bb3 39. Rd7 Rf6 40. h6 Kxh6 41. Rc5
Nfe5 42. Ngh5 Nxd7 43. cxd7 Rxd7 44. Nxf6 Nxf6 45. Rxf5 Rd6 46. Rc5 Rd2+ 47. Kc1
Rxf2 48. Nh3 Rf3 49. Ng5 Rf1+ 50. Kd2 Rf2+ 51. Ke3 Rc2 52. Ra5 Kg6 53. Nxe4 Nxe4
54. Kxe4 Ra2 55. Rc5 Rxa3 56. Rxc7 Ra2 57. Ra7 Rd2 58. b5 Rd6 59. Ra5 Kf6 60.
Ra6 Ke6 61. b6 Bd5+ 62. Ke3 Bc6 63. b7 Bxb7 64. Rxa4 Bc6 65. Rd4 Bd5 66. Rb4 Ke5
67. Rb5 Rh6 68. Rc5 Rh3+ 69. Kf2 Kd4 70. Ra5 Be4 71. Ra4+ Ke5 72. Ra7 Kf4 73.
Rf7+ Bf5 74. Ke2 Rh2+ 75. Ke1 Ke4 76. Re7+ Kf3 77. Kd1 Be4 78. Ra7 Ke3 79. Ra3+
Bd3 80. Kc1 Rc2+ 81. Kb1 Re2+ 82. Ka1 Kd4 83. Rb3 Bc4 84. Rh3 Kc5 85. Kb1 Kb4
86. Kc1 Bb3 87. Rg3 Rc2+ 88. Kb1 Rd2 89. Kc1 Rc2+ 90. Kb1 Ka3 91. Rg7 Rd2 92.
Ra7+ Ba4 93. Rc7 Re2 94. Kc1 Bb3 95. Ra7+ Kb4 96. Rc7 Bc4 97. Kd1 Rh2 98. Rc8
Kc3 99. Ke1 Kd3 100. Rd8+ Ke3 101. Re8+ Kd4 102. Rd8+ Bd5 103. Rd7 Ke3 104. Rxd5
Rh1# 0-1

[Event "World Blitz Women 2017"]
[Site "Riyadh KSA"]
[Date "2017.12.29"]
[Round "5.8"]
[White "Shuvalova, Polina"]
[Black "Hoang, Thanh Trang"]
[Result "1-0"]
[WhiteTitle "WIM"]
[BlackTitle "GM"]
[WhiteElo "2385"]
[BlackElo "2439"]
[WhiteFideId "24171760"]
[BlackFideId "12400149"]
[EventDate "2017.12.29"]

1. d4 f5 2. c4 Nf6 3. Nc3 g6 4. e3 Bg7 5. b4 d6 6. Bb2 O-O 7. Nf3 Qe8 8. c5 b6
9. Bc4+ e6 10. O-O Kh8 11. a4 Bb7 12. Ng5 d5 13. Bd3 bxc5 14. bxc5 Ba6 15. Nb5
Qe7 16. Nf3 Nc6 17. Rb1 Ne4 18. Qe2 Rfb8 19. Ba1 Na5 20. Rfc1 c6 21. Qe1 Nb7 22.
Nd2 Nd8 23. f3 Nxd2 24. Qxd2 cxb5 25. axb5 Bc8 26. c6 Nf7 27. Bc3 Nd6 28. Bb4
Bf8 29. Qa2 Qf7 30. Bc5 Kg8 31. Qa3 Qc7 32. Qa2 Qf7 33. Qa3 Ne8 34. Qa5 Qc7 35.
Qa3 Bxc5 36. Rxc5 Nd6 37. Qc3 Rb6 38. Ra1 Kf7 39. Ra5 Rab8 40. Qa3 Ra8 41. g3
Ke7 42. Kg2 Kf6 43. Rc3 Kf7 44. Rc1 Kg7 45. Ra1 Kf6 46. Qc5 Ke7 47. R1a3 Kf6 48.
Ra1 a6 49. Qc3 Ra7 50. Qc5 Ra8 51. R1a3 Ra7 52. h4 Ra8 53. Ra1 h6 54. R1a3 g5
55. hxg5+ hxg5 56. Ra1 Ra7 57. R1a3 Ra8 58. Ra1 Rab8 59. Rh1 Nxb5 60. Qf8+ 1-0

[Event "World Blitz Women 2017"]
[Site "Riyadh KSA"]
[Date "2017.12.29"]
[Round "5.9"]
[White "Khotenashvili, Bela"]
[Black "Gevorgyan, Maria"]
[Result "1-0"]
[WhiteTitle "GM"]
[BlackTitle "WIM"]
[WhiteElo "2476"]
[BlackElo "2275"]
[WhiteFideId "13602640"]
[BlackFideId "13300270"]
[EventDate "2017.12.29"]

1. d4 Nf6 2. c4 e6 3. g3 Be7 4. Bg2 d5 5. Nf3 O-O 6. O-O dxc4 7. Qc2 a6 8. a4
Bd7 9. Qxc4 Bc6 10. Bf4 a5 11. Nc3 Ra6 12. Nb5 Nd5 13. Bd2 Nb6 14. Qd3 N8d7 15.
Rfc1 Nd5 16. e4 N5f6 17. Ne1 Re8 18. Bf4 e5 19. dxe5 Nh5 20. Rd1 Nxf4 21. gxf4
Qc8 22. Qg3 Nc5 23. Nc3 Bf8 24. Nd5 Bxa4 25. Rdc1 Bb3 26. Rxc5 Bxc5 27. Qxb3 c6
28. Nc3 Qg4 29. Nd3 Bb6 30. Qd1 Qh4 31. Qf3 Rd8 32. f5 Bd4 33. Ne2 Ba7 34. Nef4
c5 35. Rc1 b5 36. Nxc5 Rc6 37. Ncd3 Rxc1+ 38. Nxc1 Bd4 39. Ncd3 a4 40. e6 b4 41.
exf7+ Kxf7 42. Ne6 Rd7 43. Nxd4 Rxd4 44. Qe3 Rd7 45. Ne5+ Ke7 46. Nxd7 Kxd7 47.
Qd4+ 1-0